| 000 | 00639cam a22002171 4500 | ||
|---|---|---|---|
| 001 | ne 68000750 | ||
| 003 | DLC | ||
| 005 | 20260227111839.0 | ||
| 008 | 900517s1967 le 000 0 arar | ||
| 010 | _ane 68000750 | ||
| 025 | _aPL480:UAR-8969 | ||
| 035 | _a(OCoLC)21550527 | ||
| 040 |
_aDLC _cWaU _dDLC |
||
| 042 | _apremarc | ||
| 050 | 0 | 0 |
_aBP173.4 _b.S3 |
| 100 | 1 | _aSanūsī, Muṣṭafā Zaghlūl. | |
| 245 | 1 | 3 |
_aal-Marʼah bayna al-ḥijāb wa-al-sufūr. _cal-Muʼallif; Abū Raḍwān Zaghlūl ibn al-Sanūsī. |
| 260 |
_aBayrūt, _bDār Maktabat al-Ḥayāh _c[1967] |
||
| 300 |
_a61 p. _c25 cm. |
||
| 650 | 0 | _aWomen in Islam. | |
| 999 |
_c50148 _d50148 |
||